| 000 | 00810nam a22002417a 4500 | ||
|---|---|---|---|
| 005 | 20140116125520.0 | ||
| 010 | _aENG-106594 | ||
| 020 |
_a0198082207 _c295.00 |
||
| 020 |
_a9780198082200 _c295.00 |
||
| 035 | _aEN-90127 | ||
| 035 | _aB-512593-594 | ||
| 037 | _bDBAD / PUB | ||
| 037 |
_bBSB/Ven _adpl |
||
| 082 | _aS | ||
| 100 | _aMajumdar, Mitra | ||
| 245 |
_aTales from Thakurmar Jhuli : _cby Mitra Majumdar _btwelve stories from Bengal / |
||
| 260 |
_aNew Delhi _bOxford University Press _c2012 |
||
| 270 |
_aYMCA Library Building, Jai Singh Road _bNew Delhi _e110001 |
||
| 300 |
_axxiii, 150p.; _c24cm (pbk) _bill |
||
| 500 | _aTranslated from Bengali by Sukhendu Ray | ||
| 942 |
_2ddc _cEN _mMAJ _hS |
||
| 999 |
_c73062 _d73062 |
||